[Event "Bhopal GM Open 2019"]
[Site "Bhopal"]
[Date "2019.12.23"]
[Round "4.2"]
[White "Bogdanovich, Stanislav"]
[Black "Sahoo, Utkal Ranjan"]
[Result "1-0"]
[WhiteElo "2562"]
[BlackElo "2329"]
[Annotator "TA"]
[PlyCount "109"]
[EventDate "2019.12.21"]
[EventType "swiss"]
[EventCountry "IND"]
[SourceTitle "playchess.com"]
[Source "ChessBase"]
[SourceQuality "1"]

{[%evp 12,109,22,10,19,2,2,0,9,10,8,8,25,8,11,10,29,10,50,32,39,13,38,37,58,49,89,10,15,4,7,0,43,25,185,188,189,187,710,208,204,154,136,163,129,146,285,297,245,315,263,122,120,61,78,34,47,65,139,118,119,69,68,72,67,67,70,71,137,127,165,175,150,146,151,157,162,93,179,179,179,179,179,177,463,454,434,432,372,368,973,1026,29978,29979,29988,29989,29991,29992,29994,29995]} 1. e4 e5 2. Nf3 Nc6 3. Bb5 Nf6 4. d3 Bc5 5. Nbd2 d6 6. c3 O-O 7. O-O h6 {C65: Ruy Lopez: Berlin Defence (3...Nf6), unusual lines and 4 0-0 Bc5} (7... a6 8. Ba4 Ba7 9. h3 Ne7 10. d4 Ng6 11. Bc2 Re8 12. Re1 Bd7 13. Nf1 c5 14. dxc5 dxc5 15. Bg5 Be6 16. Ne3 c4 17. Qe2 Bxe3 18. Bxe3 h6 19. Nd2 b5 20. a4 {1-0 (54) Dominguez Perez,L (2763)-Wang,H (2726) Khanty-Mansiysk 2019}) 8. h3 a6 9. Bxc6 bxc6 {The position is equal.} 10. d4 exd4 11. cxd4 Ba7 12. Re1 Re8 13. Qc2 Bd7 14. b3 Nh7 15. Nf1 $146 ({Predecessor:} 15. Ba3) 15... Nf8 16. e5 Ne6 17. Be3 c5 18. dxc5 Bc6 19. N1h2 (19. cxd6 $16 Bxf3 20. dxc7 (20. gxf3 cxd6 21. exd6 Qxd6 $14) 20... Nxc7 21. gxf3) 19... dxc5 $11 20. Rad1 $36 {[%mdl 2048] White fights for an advantage.} Qe7 $1 21. Qf5 Rad8 22. Ng4 Nd4 $2 (22... Rxd1 $11 23. Rxd1 Bxf3 24. Qxf3 Nd4 25. Bxd4 cxd4) 23. Nxd4 $1 $18 cxd4 {[#]} 24. Bxh6 $1 {[%mdl 512] Strongly threatening Nf6+!} gxh6 $2 (24... Qe6 25. Qg5 Qg6) 25. Nf6+ $2 (25. Qh5 Bf3 26. Nxh6+ Kf8 27. gxf3) 25... Kf8 26. Qh5 {[%cal Rh5h6][%mdl 1024] White has strong compensation.} ({Weaker is} 26. Nxe8 Bxe8 27. e6 d3 $11) 26... Qe6 27. f4 $1 {[%cal Rf4f5] Hoping for f5.} d3+ 28. Kh2 d2 (28... Ke7 $16) 29. Re2 Bb5 30. Rexd2 ({Not} 30. Qxh6+ Ke7 $16) 30... Rxd2 31. Rxd2 (31. Qxh6+ $18 {is the precise move to win.} Ke7 32. Rxd2) 31... Kg7 $16 {White should prevent ...Be3.} 32. Nxe8+ (32. Qf3 $16 {Threatens to win with a4.} Rb8 33. Qe4) 32... Bxe8 $14 33. Qh4 Qb6 {And now ...Qg1+ would win.} 34. Rd1 Qe6 (34... Qg6 $14) 35. Rd8 $1 $16 Bc6 36. Qg3+ Qg6 37. Qxg6+ fxg6 38. Rc8 Bb6 39. g4 $1 Be4 ({Better is} 39... h5) 40. Kg3 Ba5 41. b4 $1 {[%cal Rb4a5]} Bxb4 42. Rxc7+ Kf8 {[#]} 43. Kf2 $1 a5 44. a4 (44. Ke3 $18 Bg2 45. h4) 44... Bd2 (44... Ke8 $16) 45. e6 $18 {aiming for f5!} Ke8 {[#]} 46. Ke2 $1 {[%cal Re2d2]} Bb4 47. Ke3 Bg2 $2 (47... Bb1 48. Kd4 Ba3) 48. f5 gxf5 49. gxf5 Bxh3 50. Ke4 Bd6 $2 (50... Ba3 51. Ra7 Bb4) 51. Rg7 h5 52. Kd5 {White mates.} Bf8 {[#]} 53. f6 $1 {[%mdl 512]} h4 {[#]} 54. Rg8 $1 {[%mdl 512]} Bf5 55. e7 {[%mdl 64] Pin. Accuracy: White = 62%, Black = 39%.} 1-0

[Event "Bhopal GM Open 2019"]
[Site "Bhopal"]
[Date "2019.12.23"]
[Round "4.3"]
[White "Bharat Kumar Reddy Poluri"]
[Black "Tukhaev, Adam"]
[Result "1/2-1/2"]
[WhiteElo "2337"]
[BlackElo "2552"]
[Annotator "TA"]
[PlyCount "98"]
[EventDate "2019.12.21"]
[EventType "swiss"]
[EventCountry "IND"]
[SourceTitle "playchess.com"]
[Source "ChessBase"]
[SourceQuality "1"]

{[%evp 18,98,34,9,41,36,65,59,95,101,114,102,116,95,131,123,136,83,86,34,26,18,17,-27,-14,-27,-22,-20,-28,-32,0,-75,-66,-78,-68,-70,-70,-70,-72,-77,-18,-14,0,-6,-6,-6,-6,-6,-6,-6,-6,-6,-5,-5,-5,-9,-6,-10,-8,-12,0,0,0,0,0,0,0,0,0,0,0,-6,0,0,0,0,0,0,0,0,0,0,0]} 1. e4 c5 2. Nf3 d6 3. d4 cxd4 4. Nxd4 Nf6 5. Nc3 Bd7 6. Be2 g6 7. O-O Bg7 8. Be3 Nc6 9. Nb3 O-O 10. f4 Qb8 {B74: Sicilian Dragon: Classical System with 9 Nb3} (10... Qc8 11. h3 Be6 12. Bf3 Rd8 13. Rf2 Bc4 14. Nd5 Bxd5 15. exd5 Nb4 16. c3 Na6 17. Qe2 Nc5 18. Bxc5 dxc5 19. Qxe7 c4 20. Na5 Rd7 {½-½ (39) Mitkov,N (2477)-Barrientos,S (2494) Guatemala City 2019}) 11. Bf3 Be6 $146 ({Predecessor:} 11... Rc8 12. a4 Nb4 13. h3 Bc6 14. Qd2 b6 15. Nd4 Bb7 16. Rae1 Na6 17. e5 dxe5 18. fxe5 {1-0 (42) Kuspak,A (1866)-Bobryk,K (1616) Rewal 2012}) 12. Nd5 Bxd5 {White is slightly better.} 13. exd5 Nb4 14. c3 Na6 15. Qe2 Re8 16. Rad1 Nc7 17. a4 (17. g4 $142) 17... a5 18. Bb6 (18. f5 $16) 18... Nd7 $14 19. Bd4 b5 20. axb5 (20. Bxg7 {keeps more tension.} Kxg7 21. Nd4 bxa4 22. Rf2 Qa7 23. Ra1) 20... Qxb5 21. Bxg7 Qxe2 22. Bxe2 Kxg7 23. Nd4 Nxd5 {[#] aiming for ...Ne3.} 24. Bf3 (24. Bb5 $11 {remains equal.} Rad8 25. Ra1) 24... Ne3 {Hoping for ...Rab8.} 25. Bxa8 Rxa8 26. Rde1 $1 {[%cal Re1e3]} Nxf1 27. Rxe7 Nc5 {[#] White must now prevent ...Nd2.} 28. Kxf1 $17 {[%mdl 4096] Endgame KRN-KRN} a4 ({Black should try} 28... Rb8 $17 29. Re2 Rb6) 29. Re2 $11 {The position is equal.} Ra6 30. Rd2 Ne4 31. Rc2 $1 a3 32. bxa3 Rxa3 33. c4 f5 34. Ke2 Kf6 35. Nf3 h6 36. Ne1 g5 37. fxg5+ hxg5 38. Nd3 g4 39. c5 dxc5 40. Nxc5 Nc3+ 41. Kd2 Nd5 42. Nd3 Kg5 43. Rb2 Ra1 44. Rb5 Nf6 45. Ke3 Rh1 46. Nc5 Re1+ 47. Kd4 Re2 48. g3 Nh5 49. Rb6 {Strongly threatening Ne6+.} Ng7 {Accuracy: White = 71%, Black = 34%.} 1/2-1/2

[Event "Bhopal GM Open 2019"]
[Site "Bhopal"]
[Date "2019.12.23"]
[Round "4.4"]
[White "Rios, Cristhian Camilo"]
[Black "Varun, Vij"]
[Result "1/2-1/2"]
[WhiteElo "2505"]
[BlackElo "1964"]
[Annotator "TA"]
[PlyCount "100"]
[EventDate "2019.12.21"]
[EventType "swiss"]
[EventCountry "IND"]
[SourceTitle "playchess.com"]
[Source "ChessBase"]
[SourceQuality "1"]

{[%evp 13,100,37,34,14,9,0,65,59,105,0,95,106,197,177,188,113,220,212,240,111,108,124,110,112,122,127,144,161,159,155,234,207,230,199,229,195,205,158,148,162,226,223,270,221,231,200,227,166,269,235,227,247,210,198,272,255,262,267,271,267,266,252,240,231,247,57,52,42,47,0,37,66,66,0,8,0,0,0,0,0,0,0,8,-324,-324,-1711,-896,-218,0]} 1. d4 Nf6 2. c4 g6 3. Nc3 Bg7 4. e4 d6 5. f3 O-O 6. Bg5 c6 7. Qd2 a6 8. O-O-O {E81: King's Indian: Sämisch: 6th move deviations (including 6 Be3 c6)} b5 9. h4 Qa5 (9... Nbd7 $11) 10. Kb1 $1 $14 {White is slightly better.} Nbd7 $146 ({Predecessor:} 10... Re8 11. Bh6 Bxh6 12. Qxh6 Nbd7 13. h5 Nxh5 14. g4 Nhf6 15. Nh3 b4 {1-0 (38) Dorfman,J (2525)-Georgiev,K (2445) Moscow 1985}) 11. h5 (11. Nd5 $16 Qd8 12. Nxf6+ Nxf6 13. g4) 11... Rb8 (11... Nxh5 $11 12. Bxe7 {[%mdl 64] Double Attack} Ng3 13. Bxf8 Bxf8) 12. g4 $16 Qb4 (12... Rd8 $16 {might work better.}) 13. cxb5 axb5 14. Bh6 ({White should try} 14. h6 $18 Bh8 15. Bxf6 Nxf6 16. g5) 14... Bxh6 (14... Nb6 $16 {was called for.}) 15. Qxh6 $18 Nb6 16. hxg6 (16. e5 $1 $18 {[%cal Re5f6]} Na4 17. Nxa4 bxa4 18. Rh2 dxe5 19. dxe5 Nxh5 20. Nh3 (20. gxh5 Bf5+ 21. Bd3 Rfd8 $15)) 16... fxg6 $16 17. e5 Na4 18. Nxa4 bxa4 {[%csl Gb8][%cal Rb4b2]} 19. Rh2 Be6 {White must now prevent ...a3.} 20. exf6 $40 {[%csl Gh2][%cal Rh6h7][%mdl 128] White is out for blood.} Bxa2+ 21. Ka1 {[%csl Gh2][%cal Rh6h7]} ({Weaker is} 21. Kxa2 Qb3+ 22. Kb1 Qxd1+ 23. Qc1 Qxc1+ 24. Kxc1 exf6 $17) 21... Rxf6 (21... Rf7 $16 {was necessary.}) 22. Qxh7+ $18 Kf8 23. Qh6+ Ke8 24. Qd2 ({Avoid the trap} 24. g5 $2 a3 $3 $19 {[%mdl 512]}) 24... Bb3 25. Qxb4 Rxb4 26. Rdd2 Rf4 (26... Bd5 $142 27. Bd3 Kd8 28. Rh8+ Kd7) 27. Bd3 g5 28. Bg6+ Kd7 29. Be4 d5 30. Bf5+ Kc7 (30... e6 $142) 31. Rh7 Kd8 32. Rh8+ Kc7 33. Re8 Rfxd4 (33... Kd6 $142) 34. Rxe7+ Kd6 35. Rxd4 Rxd4 {[#]} 36. Re1 $1 Rd2 37. Nh3 c5 38. Kb1 c4 39. Rc1 $2 ({White should play} 39. Nxg5 $18 a3 40. bxa3) 39... Kc5 $1 $14 40. Nxg5 {f4 is the strong threat.} Kb4 $1 41. Bc2 {Hoping for f4.} a3 42. bxa3+ Kxa3 43. Ne6 (43. f4 $1 $14 Rg2 44. Ne6 Rxg4 45. Rf1) 43... Ba2+ $11 44. Ka1 Bb3 45. Bb1 d4 $1 46. Nc5 c3 47. Ne4 ({Of course not} 47. Nxb3 Kxb3 48. Bh7 c2 $17) 47... Rg2 {next ...c2 is good for Black.} 48. Nc5 $2 {[%mdl 8192]} (48. Nxc3 $11 dxc3 49. Rxc3) 48... c2 $19 49. Nd3 $2 (49. Rh1 cxb1=N 50. Kxb1 Rb2+ 51. Kc1 Rc2+ {[%mdl 64] Double Attack} 52. Kd1 Rxc5+ {[%mdl 64] Discovered Attack} 53. Kd2) 49... cxb1=Q+ 50. Kxb1 {[#]} Bd5 $2 {Accuracy: White = 41%, Black = 46%.} ({Better is} 50... Rd2 $1 $19 51. Ne5 Rb2+ 52. Ka1 Re2) 1/2-1/2

[Event "Bhopal GM Open 2019"]
[Site "Bhopal"]
[Date "2019.12.23"]
[Round "4.5"]
[White "Ziatdinov, Raset"]
[Black "Venkatesh, M.R."]
[Result "0-1"]
[WhiteElo "2204"]
[BlackElo "2491"]
[Annotator "TA"]
[PlyCount "90"]
[EventDate "2019.12.21"]
[EventType "swiss"]
[EventCountry "IND"]
[SourceTitle "playchess.com"]
[Source "ChessBase"]
[SourceQuality "1"]

{[%evp 26,116,31,36,81,-4,0,-46,-31,-88,-60,-82,-54,-57,-57,-200,-160,-194,-180,-194,-191,-233,-231,-286,-270,-275,-251,-2972,-2775,-29975,-29976,-6233,-5739,-29983,-29984,-3480,-1229,-2126,-709,-692,-655,-29983,-29961,-29984,-29985,-29985,-29986,-29986,-29987,-29988,-29989,-29992,-2135,-29992,-702,-694,-501,-687,-693,-1064,-972,-770,-762,-1143,-937,-2318,-762,-762,-722,-721,-670,-1359,-1297,-1613,-1550,-1200,-1150,-1066,-1050,-2939,-2316,-29979,-29980,-29989,-29990,-29990,-29961,-29969,-29971,-29970,-29971,-5019,-4943]} 1. e4 c5 2. Nf3 d6 3. d4 cxd4 4. Nxd4 Nf6 5. Nc3 Nc6 6. Bg5 e6 7. Qd2 a6 8. O-O-O Bd7 9. f4 b5 10. Bxf6 gxf6 11. Nxc6 Bxc6 12. Bd3 b4 13. Ne2 Qb6 14. Kb1 a5 {B67: Sicilian: Richter-Rauzer: 7...a6 8 0-0-0 Bd7, lines without 9 f4 Be7} (14... h5 15. f5 Bh6 16. Qe1 e5 17. Ng3 h4 18. Nf1 Ke7 19. Bc4 Qc5 20. Bd3 a5 21. Nd2 a4 22. Nc4 {0-1 (36) Kryvoruchko,Y (2678)-Ivanchuk,V (2731) Tromsoe 2013}) 15. Ng3 (15. f5 $16) 15... h5 16. Qe2 Qc5 $1 {Black is slightly better.} 17. e5 $146 ({White should try} 17. Rhe1 $15) ({Predecessor:} 17. f5 h4 18. Nh5 Qe5 19. Rhf1 a4 20. Nxf6+ Qxf6 21. Bb5 Rc8 22. Bxc6+ Rxc6 23. Qb5 Kd7 24. e5 Qd8 25. fxe6+ Kc7 26. Rxf7+ Be7 27. exd6+ Rxd6 28. Rxe7+ {1-0 (28) Fedorchuk,S (2406)-Tukmakov,V (2574) Lausanne 2000}) 17... f5 $1 $17 ({Of course not} 17... fxe5 $6 18. f5 $11) 18. exd6 {Threatens to win with Nxf5.} O-O-O $1 19. Nxh5 Bxd6 20. Rhg1 (20. c3 $1 $15) 20... Kb8 {[%mdl 1024] Black has strong compensation.} 21. h3 a4 {[%cal Ba5a4,Ba4a3][%mdl 32]} 22. g4 a3 23. Bc4 Bc7 24. Bb3 Rd4 {aiming for ...Rhd8.} 25. Rg3 Be4 $40 {[%mdl 128] Black is out for blood.} 26. Rxd4 $2 (26. Rgg1) 26... Qxd4 $19 {[%csl Ga3][%cal Rd4b2]} 27. bxa3 bxa3 {[%csl Ga3][%cal Rd4b2]} 28. Qb5+ Bb7 {[%cal Rd4d1]} 29. c3 Qd2 {[%csl Ga3][%cal Rd2b2]} 30. Ba4 Ka8 (30... Qe1+ $142 31. Kc2 Qf2+ 32. Kb3 Bd6 $1 {[%mdl 512]}) 31. Rd3 {[#]} Qe1+ (31... Be4 $142 $1 {[%mdl 512]} 32. Qa6+ Kb8 $1 {[%mdl 512]} 33. Qb5+ Ka7 $1 {[%mdl 512]} 34. Qc5+ Bb6 35. Qxa3 Bxd3+ 36. Bc2+ Kb7) 32. Bd1 {[#]} Be4 $1 {[%csl LRc3,LRd1,LRd3][%cal Re1d1][%mdl 512]} 33. Qa6+ {[#]} Kb8 $1 {[%cal Re1d1][%mdl 512]} 34. Qb5+ {[#]} Ka7 $1 {[%cal Re1d1][%mdl 512]} 35. Qa4+ {[#]} Kb7 $1 {[%mdl 512]} 36. Qb5+ Bb6 {[%cal Re1d1]} 37. Qd7+ {[#]} Ka8 $1 {[%cal Re1d1][%mdl 512]} 38. Kc1 Be3+ (38... Rb8 $142 39. Rd2 Ba7 40. Qe8 Rxe8 41. Nf6 Rb8 42. Nxe4 fxe4 43. Rd4 Qxc3+ {[%mdl 64] Double Attack} 44. Bc2 Rb1+ $1 {[%mdl 576] Decoy} 45. Kxb1 Qb2#) 39. Rd2 Bxd2+ (39... Rb8 $142 40. Qa4+ Ba7 41. Qe8 Rxe8 42. Nf6 Rb8 43. Nxe4 fxe4 44. Rd4 Qxc3+ {[%mdl 64] Double Attack} 45. Bc2 Rb1+ $1 {[%mdl 576] Decoy} 46. Kxb1 Qb2#) 40. Qxd2 Qxd2+ 41. Kxd2 {[%mdl 4096] Endgame KRB-KBN} Rb8 {Hoping for ...Rb2+.} 42. gxf5 exf5 43. Ng3 Bb1 44. Bf3+ Ka7 45. Bd5 {[#]} Rb2+ {Played: Rb8-d8} 0-1

[Event "Bhopal GM Open 2019"]
[Site "Bhopal"]
[Date "2019.12.23"]
[Round "4.6"]
[White "Nigmatov, Ortik"]
[Black "Deshmukh, Anup"]
[Result "1-0"]
[WhiteElo "2474"]
[BlackElo "2168"]
[Annotator "TA"]
[PlyCount "94"]
[EventDate "2019.12.21"]
[EventType "swiss"]
[EventCountry "IND"]
[SourceTitle "playchess.com"]
[Source "ChessBase"]
[SourceQuality "1"]

{[%evp 10,94,-13,-17,0,-8,104,92,109,107,168,145,172,172,172,172,184,186,175,172,193,169,170,172,177,173,175,173,181,170,167,167,195,163,160,154,158,137,130,130,162,165,199,169,189,129,135,130,127,138,131,133,160,160,157,150,160,130,193,173,309,302,261,261,350,351,403,403,434,435,432,425,431,416,438,422,413,418,441,440,428,419,419,419,433,367,435]} 1. e4 c5 2. Nc3 e6 3. f4 a6 4. Nf3 Nc6 5. d3 d5 6. g3 b5 {B23: Closed Sicilian: Lines without g3} (6... Nf6 7. Bg2 d4 8. Nb1 Be7 9. O-O O-O 10. h3 b5 11. a4 Rb8 12. axb5 axb5 13. Na3 Qb6 14. Kh2 Rd8 15. Qe1 {1-0 (45) Jones,G (2624)-Tregubov,P (2602) Bastia 2011}) 7. Bg2 b4 (7... d4 $11 {remains equal.} 8. Ne2 Nf6) 8. exd5 $16 exd5 {White is better.} 9. Qe2+ Be7 {[#]} (9... Nge7 $16 {was called for.}) 10. Nxd5 $1 $18 {[%mdl 512]} Ra7 $146 ({But not} 10... Qxd5 $2 11. Ne5 $18) ({Predecessor:} 10... Bg4 11. Qe4 Ra7 12. O-O Be6 13. Nxe7 Ngxe7 14. b3 {1-0 (52) Farley,T (2252)-Corbin,P (2250) Bridgetown 2003}) 11. Be3 $36 {[%mdl 2048] White is on the roll.} Nh6 12. Nd2 {And now Bxc5 would win.} Nd4 13. Bxd4 $1 cxd4 14. Nxb4 {aiming for Nc6.} Bg4 15. Nc6 Bxe2 16. Nxd8 Bxd8 17. Kxe2 Re7+ 18. Kf1 Ng4 {next ...Ne3+ is good for Black.} 19. Bc6+ Kf8 20. Nc4 h5 21. Bf3 Ne3+ 22. Nxe3 Rxe3 23. Kf2 g5 24. fxg5 Bxg5 25. h4 Bh6 26. Rhe1 f5 27. Bb7 (27. a4 $18) 27... a5 $16 28. Rab1 Rh7 29. Bd5 Rc7 30. Bc4 f4 {[#]} 31. gxf4 $1 Bxf4 {[#] Threatening ...Bg3+.} 32. Rxe3 $1 Bxe3+ {[%mdl 4096] Endgame KRB-KRB} 33. Kf3 Rc6 (33... Rg7 $16 {keeps fighting.} 34. b4 axb4) 34. b4 {[%cal Bb2b4,Bb4b5][%mdl 32]} Rb6 (34... axb4 {is a better defense.} 35. Rxb4 Rc5) 35. b5 $18 Ke7 36. Ke4 Kd6 37. Rf1 Kc5 {[#]} 38. c3 $1 Rd6 (38... dxc3 39. Kxe3) 39. Rf5+ Kb6 40. cxd4 Bxd4 41. Rxh5 Bf2 42. Kf3 Rf6+ 43. Kg4 Be3 44. Rf5 Rg6+ 45. Kf3 Bd4 46. h5 Rg1 47. Ke4 Bg7 {Accuracy: White = 77%, Black = 45%.} 1-0

[Event "Bhopal GM Open 2019"]
[Site "Bhopal"]
[Date "2019.12.23"]
[Round "4.7"]
[White "Mahindrakar Indrajeet"]
[Black "Taher, Yoseph Theolifus"]
[Result "0-1"]
[WhiteElo "2042"]
[BlackElo "2469"]
[Annotator "TA"]
[PlyCount "82"]
[EventDate "2019.12.21"]
[EventType "swiss"]
[EventCountry "IND"]
[SourceTitle "playchess.com"]
[Source "ChessBase"]
[SourceQuality "1"]

{[%evp 10,83,7,-15,5,7,7,-42,0,0,-6,-7,-18,-10,-13,-10,-6,-8,-8,-16,-8,-32,-26,-52,-16,-37,-17,-66,14,0,0,-1,32,33,123,136,133,111,164,161,159,114,110,-162,0,0,0,0,0,-116,0,-523,-524,-519,-493,-512,-508,-504,-474,-591,-396,-645,-644,-1219,-608,-29985,-29986,-29984,-29943,-5414,-4931,-29989,-29990,-29992,-29993,-29999]} 1. e4 e5 2. Nc3 Nf6 3. g3 Bc5 4. Bg2 d6 5. Nge2 Nc6 6. d3 Ng4 {C26: Vienna Game: 2...Nf6, sidelines} (6... h6 7. O-O O-O 8. Na4 Be6 9. Nxc5 dxc5 10. b3 Qd6 11. f4 Bg4 12. h3 Bxe2 13. Qxe2 Nd4 14. Qf2 {1-0 (43) Tkachiev,V (2637)-Malakhov,V (2716) Warsaw 2013}) 7. O-O h5 {Hoping for ...h4.} 8. Na4 h4 {White must now prevent ...Nxh2!Black is slightly better.} (8... Nxf2 $5 9. Rxf2 Bxf2+ 10. Kxf2 h4 $11) 9. Nxc5 {aiming for Nb3.} hxg3 $1 10. fxg3 {And now h3 would win.} dxc5 11. h3 Nf6 12. g4 Qd6 $146 ({Predecessor:} 12... Be6 13. Be3 Qe7 14. Qe1 {1-0 (36) Caro,H-Cohn,W Berlin 1907}) 13. Be3 Be6 14. Ng3 O-O-O 15. b3 {[%cal Bb2b3,Bb3b4,Bb4c5][%mdl 32]} Nd7 16. Qd2 f6 17. a3 Rh7 18. Qf2 b6 ({Black should play} 18... Rdh8 $15) 19. Nf5 $11 Qf8 20. b4 g6 21. bxc5 gxf5 ({Better is} 21... Nxc5 $14 22. Bxc5 Qxc5 23. Qxc5 bxc5) 22. exf5 $16 Bf7 23. Bxc6 Rxh3 (23... Nxc5 $16 {was called for.} 24. Bg2 Bd5) 24. Bg2 $18 Qh8 25. cxb6 Nxb6 26. Bxb6 $4 {[%mdl 8192] [#]} (26. Bxh3 $16 {is forced if you want to stay better.} Qxh3 27. Qf3) 26... axb6 $2 (26... Rg8 $1 $19 {[%cal Rg8g4]} 27. Qe2 axb6) 27. Bxh3 $11 Qxh3 28. Qf3 Qh4 $1 $40 {[%mdl 128] Threatens to win with ...Bd5. Black mounts an attack.} 29. Qa8+ Kd7 {[%mdl 1024] Black has strong compensation.} 30. Qa4+ $2 {[%mdl 8192]} (30. Qf3 $1 $11 {and White stays safe.}) 30... Ke7 $19 {( -> ...Qg3+)} 31. Rf2 Bd5 {[%csl Gd5][%cal Rh4h1]} 32. Kf1 Qh1+ 33. Ke2 Qxa1 34. Qb4+ Rd6 35. g5 $2 (35. Rh2 Bf7 36. Kd2) 35... e4 36. dxe4 Qe5 (36... c5 $142 37. Qa4 Bc6) 37. Ke3 c5 38. Qa4 Qg3+ 39. Ke2 Qg4+ 40. Ke1 Bc6 {[%csl Gd6][%cal Rg4d1] Black mates.} 41. gxf6+ {[#]} Kd8 {Played: Ke7-f8} 0-1

[Event "Bhopal GM Open 2019"]
[Site "Bhopal"]
[Date "2019.12.23"]
[Round "4.8"]
[White "Lugovskoy, Maxim"]
[Black "Tiwari Shivansh"]
[Result "0-1"]
[WhiteElo "2466"]
[BlackElo "1770"]
[Annotator "TA"]
[PlyCount "47"]
[EventDate "2019.12.21"]
[EventType "swiss"]
[EventCountry "IND"]
[SourceTitle "playchess.com"]
[Source "ChessBase"]
[SourceQuality "1"]

{[%evp 11,47,-5,19,4,1,-22,10,-14,0,-168,-143,-212,-211,-200,-202,-335,-317,-324,-332,-591,-577,-1050,-1012,-1051,-1039,-29990,-29991,-29991,-29992,-29992,-29993,-29993,-29989,-29994,-29995,-29995,-29996,-29996]} 1. e4 c6 2. d4 d5 3. exd5 cxd5 4. Bd3 Nc6 5. c3 Nf6 6. Ne2 Bg4 7. Qd2 $146 {B13: Caro-Kann: Exchange Variation and Panov-Botvinnik Attack} ({Predecessor:} 7. O-O e6 8. Qb3 Qd7 9. Nf4 Bd6 10. h3 Bh5 11. Nxh5 Nxh5 12. Re1 O-O 13. Qd1 Nf4 14. Bc2 Rae8 15. h4 {1-0 (38) Caruana,F (2828)-Thavandiran,S (2410) chess.com INT 2019}) 7... Qc7 8. Ng3 O-O-O 9. O-O {The position is equal.} h5 10. Qf4 $2 (10. h3 $11 {and White stays safe.} Bd7 11. Na3) 10... e5 $19 11. Bf5+ {[#]} (11. Qg5 $17) 11... Kb8 $1 12. dxe5 Nxe5 {Strongly threatening ...h4.} 13. h3 {[#]} (13. Bxg4 $142 Nfxg4 14. Nf5) 13... h4 $1 {[%cal Rh4g3]} 14. Bxg4 hxg3 15. Bf5 $2 (15. Na3 {was worth a try.} Nfxg4 16. Qxg3) 15... Nh5 16. Qa4 gxf2+ 17. Rxf2 Bc5 {( -> ...Nf3+)} 18. Na3 Nf3+ {Black mates.} 19. gxf3 Qg3+ {[%mdl 64] Pin} 20. Kh1 Qxf2 {[%cal Rh5g3]} 21. Bf4+ {[#]} Ka8 $1 22. Bg4 Ng3+ 23. Bxg3 Qxg3 24. Qc2 {Accuracy: White = 21%, Black = 71%.} 0-1

[Event "Bhopal GM Open 2019"]
[Site "Bhopal"]
[Date "2019.12.23"]
[Round "4.9"]
[White "Phatak Aanjaneya"]
[Black "Mirzoev, Azer"]
[Result "1/2-1/2"]
[WhiteElo "1776"]
[BlackElo "2457"]
[Annotator "TA"]
[PlyCount "108"]
[EventDate "2019.12.21"]
[EventType "swiss"]
[EventCountry "IND"]
[SourceTitle "playchess.com"]
[Source "ChessBase"]
[SourceQuality "1"]

{[%evp 12,108,13,10,42,39,33,22,35,19,24,22,80,37,30,30,46,32,43,34,48,0,10,6,14,8,11,0,18,2,2,0,19,-17,-40,-29,-6,-27,-6,-45,-37,-45,0,-6,-6,-6,0,-6,-6,-6,0,-6,-6,-10,-1,-10,-10,-12,-12,-14,0,-18,0,-13,-16,-24,26,20,54,52,74,28,33,28,88,88,111,111,112,95,163,148,183,181,303,301,321,20,20,20,20,20,20,20,20,13,13,13,13]} 1. e4 e5 2. Nf3 Nc6 3. d4 exd4 4. Nxd4 Bb4+ 5. c3 Bc5 6. Be3 Bb6 7. Nf5 Qf6 {C45: Scotch Game} (7... Bxe3 8. Nxe3 d6 9. g3 Nge7 10. Bg2 O-O 11. O-O Kh8 12. Nd2 f5 13. f4 fxe4 14. Nxe4 Nf5 15. Re1 {1-0 (51) Matlakov,M (2700)-Postny,E (2615) St Petersburg 2018}) 8. Bxb6 axb6 9. Ne3 Nge7 10. Bd3 $146 ({Predecessor:} 10. Qd2 d6 11. Na3 Be6 12. Nb5 Rc8 13. c4 Qg5 14. Be2 f5 15. h4 {1-0 (60) Tomazini,Z (2405)-Bibik,J (2208) Pardubice 2017}) 10... d6 11. O-O O-O (11... g5 $11) 12. Qd2 Ne5 {[%cal Bc6e5,Be5g6,Bg6f4][%mdl 32]} 13. Be2 N5g6 14. c4 Nf4 15. Nc3 Bd7 16. Ned5 Nexd5 17. Nxd5 Nxd5 18. cxd5 Qe5 19. Rfc1 Rac8 20. Rc3 Qxe4 21. Rac1 Rfe8 22. Bf3 (22. Bd3 $5 {[%cal Rd3e4]} Qe5 23. Rxc7 Rxc7 24. Rxc7 $11) 22... Qe7 23. h3 Bf5 24. Rc4 Qd8 25. Qc3 {[%cal Rc4c7]} Re7 26. a4 h6 27. b4 Qe8 28. b5 $1 Ra8 29. Qb4 Qd8 30. Qc3 Kh7 31. Bd1 Rc8 32. Bf3 Qe8 33. Qb4 (33. Rf4 {is more complex.} Bg6 34. Rc4 Qd7 35. Qd4 Qd8 36. Bg4) 33... Bd3 34. Rd4 Bg6 35. Rdc4 f5 36. Qc3 Bf7 37. Qd2 Bh5 38. Qf4 Bxf3 39. Qxf5+ Qg6 40. Qxf3 Rf7 41. Qg4 (41. Qe3 {is interesting.} Qf5 42. Rd1 g5 43. f3 Rg7 44. Re4) 41... Qxg4 42. hxg4 $11 {[%mdl 4096] Endgame KRR-KRR} Kg6 (42... Re7 $11) 43. Re1 $16 Rcf8 44. f3 Rd7 45. Re6+ Kf7 (45... Rf6 $16 {is a better defense.}) 46. f4 $18 Rc8 {[#]} 47. f5 $1 c6 (47... Re7 $142 48. Rg6 Re5) 48. bxc6 ({Resist} 48. dxc6 $6 Rdd8 $16) 48... bxc6 49. Rxc6 $2 (49. dxc6 $18 Rdd8 50. Kf2) 49... Rxc6 $11 {The position is equal.} 50. dxc6 $18 {KR-KR} Ra7 $1 51. Rxd6 {[#] aiming for Rd7+.} Rxa4 52. c7 Rc4 53. Rxb6 {Strongly threatening Rb7.} Rxc7 54. Rg6 Rc3 {Accuracy: White = 54%, Black = 40%.} 1/2-1/2